|
|
|
|
| LEADER |
00764nab a2200205 i 4500 |
| 001 |
acta70752 |
| 005 |
20260224081030.0 |
| 008 |
201125s2020 hu o 000 hun d |
| 022 |
|
|
|a 2063-2525
|
| 040 |
|
|
|a SZTE Egyetemi Kiadványok Repozitórium
|b hun
|
| 041 |
|
|
|a hun
|
| 100 |
1 |
|
|a Ámán Ildikó
|
| 245 |
1 |
0 |
|a Iványi Béla
|h [elektronikus dokumentum] :
|b 1878-1964 /
|c Ámán Ildikó
|
| 260 |
|
|
|c 2020
|
| 300 |
|
|
|a 319-332
|
| 490 |
0 |
|
|a Acta Universitatis Szegediensis : forum : acta juridica et politica
|v 10 No. 1
|
| 650 |
|
4 |
|a Társadalomtudományok
|
| 650 |
|
4 |
|a Jogtudomány
|
| 695 |
|
|
|a Iványi Béla, Jogtudomány - magyar - 19-20. sz. - életmű - életrajz
|
| 856 |
4 |
0 |
|u http://acta.bibl.u-szeged.hu/70752/1/juridpol_forum_010_001_319-332.pdf
|z Dokumentum-elérés
|